000 00317nam a22001337a 4500
008 170726b xxu||||| |||| 00| 0 eng d
020 _a9780077263089
041 _aeng
080 _210TH
_a004
100 _a30
101 _aSHK
245 _aCOLLEGE KEYBOARDING& DOCUMENT PROCESSING
_cJOHNSON.J.E
942 _2udc
_cBK
999 _c21943
_d21943